UBT Library

Boarding time : (Record no. 45136)

000 -LEADER
fixed length control field 00777pam a2200241 a 4500
001 - CONTROL NUMBER
control field 2088456
005 - DATE AND TIME OF LATEST TRANSACTION
control field 20180315080946.0
008 - FIXED-LENGTH DATA ELEMENTS--GENERAL INFORMATION
fixed length control field 950705s1996 dcu b 001 0 eng c
010 ## - LIBRARY OF CONGRESS CONTROL NUMBER
LC control number 95034139
020 ## - INTERNATIONAL STANDARD BOOK NUMBER
International Standard Book Number 0880487224 (alk. paper)
040 ## - CATALOGING SOURCE
Original cataloging agency DNLM/DLC
Transcribing agency DLC
Modifying agency DLC
041 ## - LANGUAGE CODE
Language code of text/sound track or separate title eng
043 ## - GEOGRAPHIC AREA CODE
Geographic area code n-us---
060 10 - NATIONAL LIBRARY OF MEDICINE CALL NUMBER
Classification number WM 21 M879b 1996
080 ## - UNIVERSAL DECIMAL CLASSIFICATION NUMBER
Universal Decimal Classification number 616.890076 MOR
082 00 - DEWEY DECIMAL CLASSIFICATION NUMBER
Classification number 616.890076 MOR
Edition number 20
100 1# - Rafti
Rafti 4
101 ## - Shkurtesa
Shkurtesa SHM
245 10 - TITLE STATEMENT
Title Boarding time :
Statement of responsibility, etc James Morrison and Rodrigo A. Muñoz.
906 ## - LOCAL DATA ELEMENT F, LDF (RLIN)
a 7
b cbc
c orignew
d 1
e ocip
f 19
g y-gencatlg
942 ## - ADDED ENTRY ELEMENTS (KOHA)
Source of classification or shelving scheme
Item type Books
Holdings
Withdrawn status Lost status Source of classification or shelving scheme Damaged status Not for loan Collection code Permanent location Current location Shelving location Date acquired Total Checkouts Full call number Barcode Date last seen Price effective from Koha item type
          Koleksioni i përgjithshem UBT - Lipjan UBT - Lipjan Koleksioni i përgjithshem 03/15/2018   616.890076 MOR 002-3001686 03/15/2018 03/15/2018 Books
UBT Library © 2015-2024. All rights reserved University Education for Business and Technology